English Literature (Record no. 362237)

MARC details
000 -LEADER
fixed length control field 00398nam a22001577a 4500
005 - DATE AND TIME OF LATEST TRANSACTION
control field 20250204105511.0
008 - FIXED-LENGTH DATA ELEMENTS--GENERAL INFORMATION
fixed length control field 241127b |||||||| |||| 00| 0 eng d
020 ## - INTERNATIONAL STANDARD BOOK NUMBER
International Standard Book Number 978-93-5138-042-9
041 ## - LANGUAGE CODE
Language code of text/sound track or separate title eng
100 ## - MAIN ENTRY--PERSONAL NAME
Author Prasad B
245 ## - TITLE STATEMENT
Title English Literature
250 ## - EDITION STATEMENT
Edition statement Revised Edi.
260 ## - PUBLICATION, DISTRIBUTION, ETC.
Place of publication, distribution, etc. New Delhi
Name of publisher, distributor, etc. Triunity Press, Laxmi Publication
Date of publication, distribution, etc. 2025
300 ## - PHYSICAL DESCRIPTION
Extent 284p
942 ## - ADDED ENTRY ELEMENTS (KOHA)
Koha item type Books
Holdings
Withdrawn status Lost status Source of classification or shelving scheme Damaged status Not for loan Collection code Home library Current library Date acquired Net Price Bill number Total Checkouts Full call number Barcode Date last seen Date last checked out Bill Date Koha item type Original Barcode Date due
    Dewey Decimal Classification     BA College Of Computer Application For Women , Satara College Of Computer Application For Women , Satara 19/11/2024 289.00 368 1 PRA BCAS-B-1012 11/12/2024 11/12/2024 19/11/2024 Books B01012  
    Dewey Decimal Classification     BA College Of Computer Application For Women , Satara College Of Computer Application For Women , Satara 19/11/2024 289.00 368   PRA BCAS-B-1013 27/11/2024   19/11/2024 Books B01013  
    Dewey Decimal Classification     BA College Of Computer Application For Women , Satara College Of Computer Application For Women , Satara 19/11/2024 289.00 368   PRA BCAS-B-1014 27/11/2024   19/11/2024 Books B01014  
    Dewey Decimal Classification     BA College Of Computer Application For Women , Satara College Of Computer Application For Women , Satara 19/11/2024 289.00 368 1 PRA BCAS-B-1015 27/06/2025 27/06/2025 19/11/2024 Books B01015 24/12/2025
    Dewey Decimal Classification     BA College Of Computer Application For Women , Satara College Of Computer Application For Women , Satara 19/11/2024 289.00 368   PRA BCAS-B-1016 27/11/2024   19/11/2024 Books B01016